[Event "9. Nordic Cup"]
[Site "Oslo "]
[Date "1983.10.??"]
[Round "1.1"]
[White "Agdestein, Simen "]
[Black "Holm, Sejer "]
[Result "1-0"]
[WhiteElo "2400"]
[BlackElo "2375"]
[PlyCount "81"]
[EventDate "1983.10.17"]
[EventCountry "NOR"]
[WhiteTeam "Norge"]
[BlackTeam "Danmark"]
[WhiteTeamCountry "NOR"]
[BlackTeamCountry "DEN"]

1. d4 Nf6 2. c4 c5 3. d5 g6 4. Nc3 Bg7 5. e4 d6 6. f3 O-O 7. Be3 e6 8. Qd2 exd5
9. cxd5 Nbd7 10. Nh3 Ne5 11. Nf2 a6 12. a4 Qa5 13. Ra3 Bd7 14. Be2 Qb4 15. O-O
Rab8 16. Qc1 Qa5 17. h3 Bc8 18. Qd2 Ne8 19. f4 Nd7 20. Nh1 f5 21. exf5 gxf5 22.
Ng3 Qb4 23. Bd3 Nb6 24. a5 Bxc3 25. Rxc3 Qxa5 26. Qd1 Qa4 27. Bc2 Qd7 28. b4
Qg7 29. Ne2 Qf7 30. bxc5 Nxd5 31. Rd3 Nxe3 32. Rxe3 dxc5 33. Ng3 Ng7 34. Rfe1
Be6 35. Rxe6 Nxe6 36. Bb3 Rbe8 37. Qd6 Kh8 38. Rxe6 Rxe6 39. Bxe6 Qf6 40. Nh5
Rd8 41. Qc7 1-0

[Event "9. Nordic Cup"]
[Site "Oslo "]
[Date "1983.10.??"]
[Round "1.3"]
[White "Heim, Sverre "]
[Black "Pedersen, Erik "]
[Result "1/2-1/2"]
[WhiteElo "2420"]
[BlackElo "2350"]
[PlyCount "101"]
[EventDate "1983.10.17"]
[EventCountry "NOR"]
[WhiteTeam "Norge"]
[BlackTeam "Danmark"]
[WhiteTeamCountry "NOR"]
[BlackTeamCountry "DEN"]

1. e4 c6 2. d4 d5 3. Nd2 dxe4 4. Nxe4 Nf6 5. Nxf6+ exf6 6. Bc4 Qe7+ 7. Qe2 Be6
8. Bxe6 Qxe6 9. Nf3 Bd6 10. Be3 O-O 11. O-O Nd7 12. Rfe1 Rfe8 13. Qd2 Qf5 14.
Rad1 Rad8 15. Qd3 Qh5 16. Qb3 b5 17. a4 a6 18. axb5 axb5 19. c4 Bb8 20. cxb5
cxb5 21. h3 Nb6 22. d5 Nxd5 23. Qxb5 g6 24. Bd4 Rxe1+ 25. Rxe1 Qh6 26. Bb6 Bc7
27. Bxc7 Nxc7 28. Qc4 Ne8 29. b4 Qf8 30. Qc6 Ng7 31. Rb1 Ne6 32. b5 Rc8 33. Qd5
Rd8 34. Qa2 Ra8 35. Qb2 Qe7 36. Qe2 Qc5 37. Qb2 Qe7 38. b6 Rb8 39. Nd2 Kg7 40.
Ne4 Nf4 41. f3 Rb7 42. Qd2 Qe5 43. Qd6 Nd5 44. Rb5 Qa1+ 45. Kh2 Ne3 46. h4 Nf1+
47. Kh3 Ne3 48. Qh2 Qd4 49. Qd6 Qa1 50. Rb1 Qxb1 51. Qxf6+ 1/2-1/2

[Event "9. Nordic Cup"]
[Site "Oslo "]
[Date "1983.10.??"]
[Round "1.5"]
[White "Dahl, Ingrid "]
[Black "Hoiberg, Nina "]
[Result "0-1"]
[WhiteElo "1905"]
[BlackElo "2100"]
[PlyCount "74"]
[EventDate "1983.10.17"]
[EventCountry "NOR"]
[WhiteTeam "Norge"]
[BlackTeam "Danmark"]
[WhiteTeamCountry "NOR"]
[BlackTeamCountry "DEN"]

1. e4 e5 2. Nf3 Nc6 3. Bb5 a6 4. Ba4 d6 5. O-O Bg4 6. c3 Nf6 7. Re1 b5 8. Bb3
Be7 9. d3 O-O 10. Nbd2 Na5 11. Bc2 c5 12. Nf1 Nc6 13. Ne3 Bh5 14. Nf5 Qd7 15.
Be3 Ng4 16. Nxe7+ Qxe7 17. Bg5 f6 18. Bd2 g5 19. Bb3+ Kh8 20. Bd5 Rac8 21. h3
Nh6 22. Qc1 Bxf3 23. gxf3 Qd7 24. Kh2 Ne7 25. Rg1 Nxd5 26. exd5 Qf5 27. Qd1
Qxd3 28. Be3 Qf5 29. Qe2 c4 30. a4 Rfe8 31. h4 Nf7 32. Rg4 e4 33. fxe4 Rxe4 34.
Rxe4 Qxe4 35. hxg5 Nxg5 36. Qd1 Nf3+ 37. Kg2 Rg8+ 0-1

[Event "9. Nordic Cup"]
[Site "Oslo "]
[Date "1983.10.??"]
[Round "1.6"]
[White "Schandorff, Lars "]
[Black "Oestenstad, Berge "]
[Result "0-1"]
[WhiteElo "2350"]
[BlackElo "2260"]
[PlyCount "80"]
[EventDate "1983.10.17"]
[EventCountry "NOR"]
[WhiteTeam "Danmark"]
[BlackTeam "Norge"]
[WhiteTeamCountry "DEN"]
[BlackTeamCountry "NOR"]

1. c4 Nc6 2. Nc3 e5 3. e3 Nf6 4. Nf3 Be7 5. Be2 O-O 6. O-O Re8 7. d4 exd4 8.
Nxd4 Bf8 9. Nd5 Nxd5 10. cxd5 Nxd4 11. Qxd4 c5 12. Qd2 d6 13. b4 b6 14. Bb2 Bd7
15. Rfe1 Be7 16. Bd3 Bf6 17. e4 Bxb2 18. Qxb2 cxb4 19. Qxb4 Qf6 20. Rac1 Rac8
21. Bb5 Bxb5 22. Qxb5 Qd4 23. Rc7 Rcd8 24. Qc4 Qxc4 25. Rxc4 Rc8 26. Rec1 Rc5
27. Rxc5 dxc5 28. Rc4 Kf8 29. f3 Ke7 30. Ra4 a5 31. e5 Rd8 32. d6+ Ke6 33. Re4
Kd5 34. Re1 f6 35. f4 fxe5 36. fxe5 b5 37. Kf2 Rf8+ 38. Kg3 c4 39. d7 Ke6 40.
Rd1 Rd8 0-1

[Event "9. Nordic Cup"]
[Site "Oslo "]
[Date "1983.10.??"]
[Round "2.1"]
[White "Holm, Sejer "]
[Black "Sznapik, Aleksander "]
[Result "1-0"]
[WhiteElo "2375"]
[BlackElo "2425"]
[PlyCount "73"]
[EventDate "1983.10.17"]
[EventCountry "NOR"]
[WhiteTeam "Danmark"]
[BlackTeam "Polen"]
[WhiteTeamCountry "DEN"]
[BlackTeamCountry "POL"]

1. d4 Nf6 2. c4 c5 3. Nf3 cxd4 4. Nxd4 a6 5. Nc3 e6 6. a3 d5 7. cxd5 Nxd5 8.
Bd2 Bc5 9. Nb3 Ba7 10. Nxd5 Qxd5 11. Bc3 Qf5 12. Nd4 Qg6 13. h4 e5 14. Nf3 Nc6
15. h5 Qf6 16. e3 O-O 17. Qa4 Re8 18. Qh4 Qf5 19. h6 g6 20. O-O-O e4 21. g4
Qxf3 22. Rh3 Qxd1+ 23. Kxd1 Re6 24. Kc1 Bd7 25. Rh1 b5 26. g5 Rc8 27. Bh3 Rd6
28. Bxd7 Rxd7 29. Qxe4 Re7 30. Qf4 Re6 31. Rd1 Bb8 32. Qf3 b4 33. axb4 Nxb4 34.
Rd7 Na2+ 35. Kc2 Rf8 36. Bg7 Rc8+ 37. Kb1 1-0

[Event "9. Nordic Cup"]
[Site "Oslo "]
[Date "1983.10.??"]
[Round "2.2"]
[White "Adamski, Jan "]
[Black "Hoi, Carsten "]
[Result "1/2-1/2"]
[WhiteElo "2450"]
[BlackElo "2370"]
[PlyCount "31"]
[EventDate "1983.10.17"]
[EventCountry "NOR"]
[WhiteTeam "Polen"]
[BlackTeam "Danmark"]
[WhiteTeamCountry "POL"]
[BlackTeamCountry "NOR"]

1. c4 Nf6 2. Nc3 g6 3. e4 d6 4. d4 Bg7 5. Be2 O-O 6. Bg5 c5 7. dxc5 Qa5 8. Bd2
Qxc5 9. Nf3 Bg4 10. Be3 Qa5 11. O-O Nbd7 12. a3 Rfc8 13. b4 Qd8 14. Qb3 a6 15.
Rac1 Qf8 16. h3 1/2-1/2

[Event "9. Nordic Cup"]
[Site "Oslo "]
[Date "1983.10.??"]
[Round "2.3"]
[White "Pedersen, Erik "]
[Black "Szymczak, Zbigniew "]
[Result "1/2-1/2"]
[WhiteElo "2350"]
[BlackElo "2420"]
[PlyCount "27"]
[EventDate "1983.10.17"]
[EventCountry "NOR"]
[WhiteTeam "Danmark"]
[BlackTeam "Polen"]
[WhiteTeamCountry "DEN"]
[BlackTeamCountry "POL"]

1. d4 Nf6 2. Nf3 e6 3. e3 b6 4. Bd3 Bb7 5. O-O Be7 6. c4 O-O 7. b3 c5 8. Bb2
cxd4 9. exd4 d5 10. Nbd2 Nc6 11. Rc1 Rc8 12. Qe2 Rc7 13. Rfd1 dxc4 14. bxc4
1/2-1/2

[Event "9. Nordic Cup"]
[Site "Oslo "]
[Date "1983.10.??"]
[Round "2.4"]
[White "Flis, Jacek"]
[Black "Sloth, Jorn "]
[Result "1/2-1/2"]
[WhiteElo "2410"]
[BlackElo "2375"]
[PlyCount "64"]
[EventDate "1983.10.17"]
[EventCountry "NOR"]
[WhiteTeam "Polen"]
[BlackTeam "Danmark"]
[WhiteTeamCountry "POL"]
[BlackTeamCountry "DEN"]

1. e4 c6 2. d4 d5 3. Nd2 dxe4 4. Nxe4 Nd7 5. Nf3 Ngf6 6. Ng3 c5 7. Be2 e6 8.
O-O Be7 9. b3 O-O 10. Bb2 Qc7 11. c4 Rd8 12. Qc2 cxd4 13. Nxd4 a6 14. Rad1 Nf8
15. a3 Bd7 16. Rc1 Ng6 17. b4 a5 18. Qb3 axb4 19. axb4 Nf4 20. Bf3 Bc6 21. Nxc6
bxc6 22. Rfd1 Rxd1+ 23. Rxd1 Rb8 24. Bc3 Nd7 25. Qc2 Ne5 26. Qe4 Nxf3+ 27. Qxf3
Ng6 28. c5 Rd8 29. Rxd8+ Bxd8 30. Ne4 Be7 31. Qd3 Nf4 32. Qd2 Nd5 1/2-1/2

[Event "9. Nordic Cup"]
[Site "Oslo "]
[Date "1983.10.??"]
[Round "2.6"]
[White "Staniszewski, Piotr "]
[Black "Schandorff, Lars "]
[Result "1-0"]
[WhiteElo "2395"]
[BlackElo "2350"]
[PlyCount "109"]
[EventDate "1983.10.17"]
[EventCountry "NOR"]
[WhiteTeam "Polen"]
[BlackTeam "Danmark"]
[WhiteTeamCountry "POL"]
[BlackTeamCountry "DEN"]

1. d4 Nf6 2. c4 g6 3. Nc3 d5 4. Nf3 Bg7 5. Bg5 Ne4 6. Bh4 Nxc3 7. bxc3 c5 8. e3
Nc6 9. cxd5 Qxd5 10. Be2 cxd4 11. cxd4 e5 12. dxe5 Qa5+ 13. Nd2 Nxe5 14. O-O
O-O 15. Nb3 Qa4 16. Nd4 Qxd1 17. Rfxd1 Bd7 18. Rab1 b6 19. Rdc1 Rfc8 20. Ba6
Rc5 21. Nb3 Rxc1+ 22. Rxc1 Be6 23. Rc7 Ng4 24. Nd4 Bxa2 25. Nc6 Bf6 26. Bg3 Be6
27. h3 Nh6 28. e4 Re8 29. Rxa7 Bb3 30. f3 Ba4 31. Nb4 Bd4+ 32. Bf2 Bxf2+ 33.
Kxf2 Bb3 34. Bb7 Re7 35. Nd5 Bxd5 36. Ra8+ Kg7 37. Bxd5 Rd7 38. Rb8 Rd6 39. Rb7
g5 40. g4 Kf6 41. Kg3 Ke5 42. h4 gxh4+ 43. Kxh4 Kf4 44. Kh5 Kxf3 45. g5 Ng4 46.
Rxf7+ Kg3 47. Rxh7 Rd8 48. Re7 Rh8+ 49. Kg6 Kf4 50. Kg7 Rh2 51. g6 Ne5 52. Rf7+
Nxf7 53. gxf7 Rg2+ 54. Kf6 Ke3 55. Be6 1-0

[Event "9. Nordic Cup"]
[Site "Oslo "]
[Date "1983.10.??"]
[Round "3.2"]
[White "Hoi, Carsten "]
[Black "Hansen, Jens Christian "]
[Result "1-0"]
[WhiteElo "2370"]
[BlackElo "2205"]
[PlyCount "68"]
[EventDate "1983.10.17"]
[EventCountry "NOR"]
[WhiteTeam "Danmark"]
[BlackTeam "Frerne"]
[WhiteTeamCountry "NOR"]
[BlackTeamCountry "FAI"]

1. d4 Nf6 2. c4 e6 3. Nc3 d5 4. Bg5 Be7 5. e3 O-O 6. Nf3 Nbd7 7. Rc1 a6 8. cxd5
exd5 9. Bd3 Re8 10. O-O Nf8 11. Ne5 c6 12. f4 N6d7 13. Bxe7 Qxe7 14. e4 dxe4
15. Bc4 Nxe5 16. fxe5 Be6 17. Nxe4 Bxc4 18. Rxc4 Ne6 19. Qg4 Kh8 20. Nd6 Rf8
21. Rc3 f6 22. Rcf3 Rad8 23. h4 h6 24. Nf5 Qd7 25. Nd6 Qe7 26. R3f2 Rxd6 27.
exd6 Qxd6 28. Rd1 Rd8 29. Rfd2 Nf4 30. Re1 Nd5 31. Rde2 Nc7 32. Re7 Rg8 33. Rd7
Qb4 34. Ree7 Nd5 1-0

[Event "9. Nordic Cup"]
[Site "Oslo "]
[Date "1983.10.??"]
[Round "3.6"]
[White "Schandorff, Lars "]
[Black "Nielsen, Tommy "]
[Result "0-1"]
[WhiteElo "2350"]
[BlackElo "2205"]
[PlyCount "81"]
[EventDate "1983.10.17"]
[EventCountry "NOR"]
[WhiteTeam "Danmark"]
[BlackTeam "Frerne"]
[WhiteTeamCountry "DEN"]
[BlackTeamCountry "FAI"]

1. e4 e5 2. Nf3 Nc6 3. Bb5 a6 4. Ba4 Nf6 5. O-O Nxe4 6. d4 b5 7. Bb3 d5 8. dxe5
Be6 9. Be3 Be7 10. c3 O-O 11. Nbd2 Nxd2 12. Qxd2 Qd7 13. Rad1 Rad8 14. Qe2 Na5
15. Bc2 Nc4 16. Bc1 Bg4 17. b3 Na5 18. Qd3 g6 19. Bh6 Rfe8 20. Rfe1 c5 21. Qe3
Nc6 22. Qf4 Bf8 23. Bg5 Be7 24. Bh6 Bf8 25. Bg5 Be7 26. Bf6 Bxf3 27. Qxf3 Qe6
28. g4 Bxf6 29. exf6 Ne5 30. Qf4 Qxg4+ 31. Qxg4 Nxg4 32. Rxe8+ Rxe8 33. Rxd5
Nxf6 34. Rxc5 Re1+ 35. Kg2 Re2 36. Bd3 Rxa2 37. h3 Rd2 38. Rc6 Rxd3 39. Rxf6
Rxc3 40. Rxa6 Rxb3 41. Rb6 0-1

[Event "9. Nordic Cup"]
[Site "Oslo "]
[Date "1983.10.??"]
[Round "4.1"]
[White "Ostermeyer, Peter "]
[Black "Holm, Sejer "]
[Result "1-0"]
[WhiteElo "2450"]
[BlackElo "2375"]
[PlyCount "73"]
[EventDate "1983.10.17"]
[EventCountry "NOR"]
[WhiteTeam "Vesttyskland"]
[BlackTeam "Danmark"]
[WhiteTeamCountry "GER"]
[BlackTeamCountry "DEN"]

1. d4 Nf6 2. c4 c5 3. d5 g6 4. Nc3 Bg7 5. e4 d6 6. f3 O-O 7. Be3 e6 8. Qd2 exd5
9. cxd5 a6 10. a4 Qa5 11. Ra3 Nbd7 12. Nh3 Ne5 13. Nf2 Qb4 14. Be2 Bd7 15. O-O
Rfe8 16. a5 b5 17. Qc1 Nc4 18. Nd3 Nxe3 19. Nxb4 cxb4 20. Qxe3 bxa3 21. bxa3
Rac8 22. Rc1 Rc5 23. Qd2 Rec8 24. Na2 Rxc1+ 25. Nxc1 Ne8 26. Na2 f5 27. Nb4
fxe4 28. Nc6 Kh8 29. a4 exf3 30. Bxb5 Nc7 31. Ne7 f2+ 32. Kf1 axb5 33. Nxc8
bxa4 34. Qb4 a3 35. Qxa3 Bd4 36. Nxd6 Ne8 37. Qb4 1-0

[Event "9. Nordic Cup"]
[Site "Oslo "]
[Date "1983.10.??"]
[Round "4.2"]
[White "Hoi, Carsten "]
[Black "Bischoff, Klaus "]
[Result "1/2-1/2"]
[WhiteElo "2370"]
[BlackElo "2400"]
[PlyCount "26"]
[EventDate "1983.10.17"]
[EventCountry "NOR"]
[WhiteTeam "Danmark"]
[BlackTeam "Vesttyskland"]
[WhiteTeamCountry "NOR"]
[BlackTeamCountry "GER"]

1. d4 e6 2. Nf3 Nf6 3. Bg5 h6 4. Bh4 d6 5. e3 Nbd7 6. Nbd2 g5 7. Bg3 Nh5 8. Bd3
Qe7 9. c3 Bg7 10. Qc2 O-O 11. O-O-O f5 12. h4 g4 13. Ng1 Nxg3 1/2-1/2

[Event "9. Nordic Cup"]
[Site "Oslo "]
[Date "1983.10.??"]
[Round "4.3"]
[White "Borik, Otto "]
[Black "Pedersen, Erik "]
[Result "1/2-1/2"]
[WhiteElo "2395"]
[BlackElo "2350"]
[PlyCount "23"]
[EventDate "1983.10.17"]
[EventCountry "NOR"]
[WhiteTeam "Vesttyskland"]
[BlackTeam "Danmark"]
[WhiteTeamCountry "GER"]
[BlackTeamCountry "DEN"]

1. Nf3 b5 2. c3 e6 3. e4 Bb7 4. e5 a6 5. d4 d6 6. exd6 Bxd6 7. Bd3 Nf6 8. Bg5
c5 9. dxc5 Bxc5 10. O-O Nbd7 11. Nbd2 Be7 12. Qe2 1/2-1/2

[Event "9. Nordic Cup"]
[Site "Oslo "]
[Date "1983.10.??"]
[Round "4.4"]
[White "Sloth, Jorn "]
[Black "Gruen, Peter "]
[Result "1/2-1/2"]
[WhiteElo "2375"]
[BlackElo "2290"]
[PlyCount "81"]
[EventDate "1983.10.17"]
[EventCountry "NOR"]
[WhiteTeam "Danmark"]
[BlackTeam "Vesttyskland"]
[WhiteTeamCountry "DEN"]
[BlackTeamCountry "GER"]

1. c4 e5 2. g3 Nf6 3. Bg2 c6 4. d4 exd4 5. Qxd4 d5 6. Nf3 dxc4 7. Qxc4 Na6 8.
O-O Bc5 9. Nc3 O-O 10. Bg5 h6 11. Rfd1 Qe7 12. Bxf6 Qxf6 13. Ne4 Qe6 14. Qxe6
Bxe6 15. Nxc5 Nxc5 16. Nd4 Rfe8 17. Rac1 Na4 18. Nxe6 Rxe6 19. Rd4 Nb6 20. e3
Kf8 21. Rc5 Re7 22. b4 a6 23. Bh3 Ree8 24. Kf1 Rad8 25. Rxd8 Rxd8 26. Ke2 Ke7
27. a3 f6 28. Bf5 Kd6 29. f4 Kc7 30. Bc2 Rd5 31. Rxd5 Nxd5 32. Kd3 Kd6 33. e4
Nc7 34. Bb3 c5 35. e5+ fxe5 36. fxe5+ Kxe5 37. bxc5 Nb5 38. a4 Nd4 39. Ba2 g5
40. Kc4 Nf3 41. c6 1/2-1/2

[Event "9. Nordic Cup"]
[Site "Oslo "]
[Date "1983.10.??"]
[Round "4.5"]
[White "Fischdick, Gisela "]
[Black "Hoiberg, Nina "]
[Result "1/2-1/2"]
[WhiteElo "2290"]
[BlackElo "2100"]
[PlyCount "75"]
[EventDate "1983.10.17"]
[EventCountry "NOR"]
[WhiteTeam "Vesttyskland"]
[BlackTeam "Danmark"]
[WhiteTeamCountry "GER"]
[BlackTeamCountry "DEN"]

1. d4 Nf6 2. c4 e5 3. dxe5 Ne4 4. Nf3 Nc6 5. e3 d6 6. a3 Bf5 7. Be2 g5 8. e6
fxe6 9. Nd4 Qf6 10. Nxf5 exf5 11. Bh5+ Kd7 12. f3 Nc5 13. O-O Na5 14. Bd2 Qh6
15. Bxa5 Qxh5 16. Bc3 Rg8 17. b4 Ne6 18. Qd5 g4 19. Nd2 c6 20. fxg4 Qxg4 21.
Qf3 Qg6 22. e4 f4 23. Kh1 Bg7 24. Bxg7 Qxg7 25. Qh3 Kc7 26. Nf3 Rae8 27. Rad1
Ng5 28. Nxg5 Qxg5 29. b5 Rxe4 30. bxc6 bxc6 31. Qxh7+ Re7 32. Qc2 Qg4 33. Qd2
Rg6 34. Rxf4 Qg5 35. Rf2 Qe5 36. Qc2 Rh7 37. h3 Rgh6 38. Rdf1 1/2-1/2

[Event "9. Nordic Cup"]
[Site "Oslo "]
[Date "1983.10.??"]
[Round "5.2"]
[White "Schneider, Lars Aake "]
[Black "Hoi, Carsten "]
[Result "1/2-1/2"]
[WhiteElo "2445"]
[BlackElo "2370"]
[PlyCount "50"]
[EventDate "1983.10.17"]
[EventCountry "NOR"]
[WhiteTeam "Sverige"]
[BlackTeam "Danmark"]
[WhiteTeamCountry "SWE"]
[BlackTeamCountry "NOR"]

1. c4 Nf6 2. Nf3 g6 3. b4 Bg7 4. Bb2 O-O 5. g3 a5 6. b5 d6 7. Bg2 e5 8. O-O
Nbd7 9. d3 Nc5 10. Nc3 Bf5 11. Nd2 Qc8 12. Nb3 Nxb3 13. axb3 Bh3 14. Qd2 h5 15.
Nd5 Nxd5 16. cxd5 Bxg2 17. Kxg2 Qd7 18. Rxa5 b6 19. Rxa8 Rxa8 20. Qb4 Ra2 21.
Rb1 Ra5 22. e4 h4 23. h3 hxg3 24. fxg3 Ra2 25. Qc4 f5 1/2-1/2

[Event "9. Nordic Cup"]
[Site "Oslo "]
[Date "1983.10.??"]
[Round "5.3"]
[White "Pedersen, Erik "]
[Black "Ornstein, Axel "]
[Result "1-0"]
[WhiteElo "2350"]
[BlackElo "2455"]
[PlyCount "59"]
[EventDate "1983.10.17"]
[EventCountry "NOR"]
[WhiteTeam "Danmark"]
[BlackTeam "Sverige"]
[WhiteTeamCountry "DEN"]
[BlackTeamCountry "SWE"]

1. d4 Nf6 2. Nf3 e6 3. e3 b6 4. Bd3 Bb7 5. O-O Be7 6. c4 c5 7. b3 O-O 8. Bb2
cxd4 9. exd4 d5 10. Nbd2 Nc6 11. Rc1 Rc8 12. Qe2 Rc7 13. Rfd1 dxc4 14. bxc4 Rd7
15. Nf1 Nh5 16. Bb1 Bg5 17. Ne3 Nf4 18. Qc2 f5 19. d5 exd5 20. Nxf5 Bf6 21. Ba3
d4 22. Qe4 Qc7 23. Nd6 d3 24. Qxf4 Be7 25. Qe4 Bxd6 26. Bxd3 g6 27. Qe6+ Rff7
28. c5 Bxh2+ 29. Nxh2 Nd4 30. Qe8+ 1-0

[Event "9. Nordic Cup"]
[Site "Oslo "]
[Date "1983.10.??"]
[Round "5.4"]
[White "Kaiszauri, Konstanty "]
[Black "Sloth, Jorn "]
[Result "1/2-1/2"]
[WhiteElo "2375"]
[BlackElo "2375"]
[PlyCount "47"]
[EventDate "1983.10.17"]
[EventCountry "NOR"]
[WhiteTeam "Sverige"]
[BlackTeam "Danmark"]
[WhiteTeamCountry "SWE"]
[BlackTeamCountry "DEN"]

1. c4 e6 2. Nf3 Nf6 3. Nc3 Bb4 4. g3 O-O 5. Bg2 d5 6. a3 Be7 7. d4 Nbd7 8. cxd5
exd5 9. O-O a5 10. Bg5 Nb6 11. Ne5 h6 12. Bxf6 Bxf6 13. e3 Bf5 14. Qf3 Be6 15.
Nd3 Qc8 16. Qe2 Re8 17. Rfc1 c6 18. Nc5 Bh3 19. Qd1 Bxg2 20. Kxg2 Nc4 21. b3
Nd6 22. N3a4 Qd8 23. Nb2 g6 24. Qg4 1/2-1/2

[Event "9. Nordic Cup"]
[Site "Oslo "]
[Date "1983.10.??"]
[Round "5.6"]
[White "Winge, Stefan "]
[Black "Schandorff, Lars "]
[Result "0-1"]
[WhiteElo "2225"]
[BlackElo "2350"]
[PlyCount "94"]
[EventDate "1983.10.17"]
[EventCountry "NOR"]
[WhiteTeam "Sverige"]
[BlackTeam "Danmark"]
[WhiteTeamCountry "SWE"]
[BlackTeamCountry "DEN"]

1. e4 c5 2. Nf3 d6 3. d4 cxd4 4. Nxd4 Nf6 5. Nc3 a6 6. Bg5 e6 7. f4 Qb6 8. Qd2
Qxb2 9. Rb1 Qa3 10. Be2 Nbd7 11. O-O Qc5 12. Bxf6 Nxf6 13. Na4 Qc7 14. Nb6 Rb8
15. Bf3 Nd7 16. Nxc8 Qxc8 17. f5 e5 18. Ne2 Qc5+ 19. Kh1 Nf6 20. Rb3 Be7 21.
Nc3 Rc8 22. a4 Bd8 23. Nd5 Nxd5 24. Qxd5 Qxd5 25. exd5 b6 26. Be2 Rxc2 27. Bxa6
Rc5 28. Bb7 Ke7 29. Bc6 h5 30. Rh3 Rh6 31. Kg1 Kf6 32. Rhf3 h4 33. g4 hxg3 34.
hxg3 Rc2 35. R3f2 Rxf2 36. Rxf2 Rh5 37. g4 Rh4 38. Rg2 Kg5 39. Bd7 Bf6 40. Kf1
Rxg4 41. Rxg4+ Kxg4 42. Ke2 Kf4 43. Be8 Kxf5 44. Bxf7 Ke4 45. Be6 Bg5 46. Bf7
Bf4 47. Bg8 g5 0-1

[Event "9. Nordic Cup"]
[Site "Oslo "]
[Date "1983.10.??"]
[Round "6.2"]
[White "Hoi, Carsten "]
[Black "Maki, Veijo"]
[Result "1-0"]
[WhiteElo "2370"]
[BlackElo "2370"]
[PlyCount "69"]
[EventDate "1983.10.17"]
[EventCountry "NOR"]
[WhiteTeam "Danmark"]
[BlackTeam "Finland"]
[WhiteTeamCountry "NOR"]
[BlackTeamCountry "FIN"]

1. d4 Nf6 2. Nc3 g6 3. e4 d6 4. Nf3 Bg7 5. h3 O-O 6. Be3 c6 7. a4 a5 8. Be2 Qc7
9. O-O Na6 10. Qd2 e5 11. Rad1 exd4 12. Bxd4 Re8 13. Bxa6 Rxa6 14. Rfe1 Be6 15.
Qf4 Nh5 16. Qc1 Be5 17. Nxe5 dxe5 18. Be3 Raa8 19. g4 Ng7 20. b3 f6 21. f4 f5
22. gxf5 gxf5 23. Kh2 Rf8 24. Rg1 Kh8 25. Bc5 Rfd8 26. Qa3 Rxd1 27. Nxd1 Rd8
28. Be7 Rd2+ 29. Kh1 Nh5 30. Ne3 h6 31. Bf6+ Nxf6 32. Qf8+ Ng8 33. Nxf5 Rd7 34.
Rg6 Kh7 35. Rxg8 1-0

[Event "9. Nordic Cup"]
[Site "Oslo "]
[Date "1983.10.??"]
[Round "6.3"]
[White "Binham, Timothy "]
[Black "Pedersen, Erik "]
[Result "1/2-1/2"]
[WhiteElo "2380"]
[BlackElo "2350"]
[PlyCount "83"]
[EventDate "1983.10.17"]
[EventCountry "NOR"]
[WhiteTeam "Finland"]
[BlackTeam "Danmark"]
[WhiteTeamCountry "FIN"]
[BlackTeamCountry "DEN"]

1. e4 c6 2. d3 d5 3. Nd2 Nd7 4. Ngf3 Qc7 5. g3 dxe4 6. dxe4 e5 7. Bg2 Ngf6 8.
O-O Bc5 9. h3 O-O 10. Nh4 a5 11. a4 b5 12. Re1 Bb6 13. Nf1 Nc5 14. axb5 cxb5
15. Bg5 Rd8 16. Qf3 Rd6 17. Nf5 Bxf5 18. exf5 Re8 19. g4 Ncd7 20. Qe2 h6 21.
Bh4 Qc5 22. Ne3 Rc8 23. Bg3 Nb8 24. h4 Nh7 25. Rad1 Rcd8 26. Rxd6 Rxd6 27. Rd1
Rxd1+ 28. Nxd1 Nd7 29. Nc3 Qb4 30. Nd5 Qxb2 31. Nxb6 Nxb6 32. Bxe5 Qc1+ 33. Kh2
Nc4 34. Bc7 Nf6 35. Bc6 Na3 36. Bxa5 Nxc2 37. Bd2 Nd4 38. Bxc1 Nxe2 39. Bb2 b4
40. g5 hxg5 41. hxg5 Nh7 42. g6 1/2-1/2

[Event "9. Nordic Cup"]
[Site "Oslo "]
[Date "1983.10.??"]
[Round "6.4"]
[White "Sloth, Jorn "]
[Black "Pirttimaki, Timo "]
[Result "1/2-1/2"]
[WhiteElo "2375"]
[BlackElo "2380"]
[PlyCount "55"]
[EventDate "1983.10.17"]
[EventCountry "NOR"]
[WhiteTeam "Danmark"]
[BlackTeam "Finland"]
[WhiteTeamCountry "DEN"]
[BlackTeamCountry "FIN"]

1. Nf3 g6 2. d4 Bg7 3. g3 Nf6 4. c4 O-O 5. Bg2 d6 6. O-O Nbd7 7. d5 Nb6 8. Nbd2
e5 9. e4 Nh5 10. Ne1 c6 11. b3 cxd5 12. cxd5 Bd7 13. a4 Be8 14. a5 Nc8 15. Bb2
Bh6 16. Bf3 f5 17. exf5 Rxf5 18. Bg4 Rf8 19. Ne4 Nf6 20. Nxf6+ Qxf6 21. f4 Qe7
22. Nf3 Bd7 23. Bxd7 Qxd7 24. fxe5 dxe5 25. Bxe5 Nd6 26. Qd3 Rad8 27. a6 Nf5
28. Bf4 1/2-1/2

[Event "9. Nordic Cup"]
[Site "Oslo "]
[Date "1983.10.??"]
[Round "6.5"]
[White "Laitinen, Leena "]
[Black "Hoiberg, Nina "]
[Result "0-1"]
[WhiteElo "1885"]
[BlackElo "2100"]
[PlyCount "60"]
[EventDate "1983.10.17"]
[EventCountry "NOR"]
[WhiteTeam "Finland"]
[BlackTeam "Danmark"]
[WhiteTeamCountry "FIN"]
[BlackTeamCountry "DEN"]

1. e4 e5 2. Nf3 Nc6 3. Bb5 Nd4 4. Bc4 Nxf3+ 5. Qxf3 Qf6 6. Qxf6 gxf6 7. Nc3 c6
8. d3 Bh6 9. Bxh6 Nxh6 10. O-O-O d6 11. Rdf1 Rg8 12. Rhg1 Ke7 13. Nd1 a5 14. a4
Bd7 15. Ne3 Ng4 16. h3 Nxe3 17. fxe3 Rg3 18. Rf3 Rag8 19. Rgf1 Rxf3 20. gxf3
Bxh3 21. Rf2 Rg2 22. Rxg2 Bxg2 23. f4 d5 24. exd5 cxd5 25. Bb5 d4 26. exd4 exd4
27. Bc4 Bc6 28. b3 h5 29. c3 h4 30. cxd4 h3 0-1

[Event "9. Nordic Cup"]
[Site "Oslo "]
[Date "1983.10.??"]
[Round "7.4"]
[White "Hjartarson, Johann "]
[Black "Sloth, Jorn "]
[Result "0-1"]
[WhiteElo "2395"]
[BlackElo "2375"]
[PlyCount "78"]
[EventDate "1983.10.17"]
[EventCountry "NOR"]
[WhiteTeam "Island"]
[BlackTeam "Danmark"]
[WhiteTeamCountry "ISL"]
[BlackTeamCountry "DEN"]

1. d4 e6 2. c4 Nf6 3. Nc3 Bb4 4. e3 b6 5. Bd3 Bb7 6. Nf3 O-O 7. O-O Bxc3 8.
bxc3 Be4 9. Ne1 Bxd3 10. Nxd3 Nc6 11. c5 d6 12. cxd6 cxd6 13. c4 Qd7 14. Bd2
Rfc8 15. Rc1 Rc7 16. Qb3 Rac8 17. Rfd1 e5 18. Qb2 e4 19. Nf4 Ne7 20. Qb4 d5 21.
c5 Rc6 22. Qa3 g5 23. Ne2 Ng6 24. cxb6 axb6 25. Rxc6 Rxc6 26. Rc1 Rxc1+ 27.
Qxc1 h5 28. Kf1 h4 29. h3 Ne7 30. Bb4 Nc6 31. Qa3 Nxb4 32. Qxb4 Qc6 33. Nc3 Ne8
34. Ke2 Nc7 35. Kd2 Kg7 36. Qe7 Ne6 37. f3 Qc4 38. fxe4 dxe4 39. Qd6 Qd3+ 0-1

[Event "9. Nordic Cup"]
[Site "Oslo "]
[Date "1983.10.??"]
[Round "7.5"]
[White "Hoiberg, Nina "]
[Black "Kristinsdottir, Aslaug "]
[Result "1-0"]
[WhiteElo "2100"]
[BlackElo "1930"]
[PlyCount "101"]
[EventDate "1983.10.17"]
[EventCountry "NOR"]
[WhiteTeam "Danmark"]
[BlackTeam "Island"]
[WhiteTeamCountry "DEN"]
[BlackTeamCountry "ISL"]

1. e4 c5 2. Nf3 Nc6 3. d4 cxd4 4. Nxd4 Nf6 5. Nc3 e5 6. Ndb5 d6 7. a4 a6 8. Na3
Be7 9. Nc4 h6 10. Ne3 O-O 11. Bc4 Rb8 12. Ned5 Kh8 13. Nxf6 Bxf6 14. Nd5 Bg5
15. O-O Bxc1 16. Rxc1 f5 17. exf5 Bxf5 18. Ne3 Bg6 19. Qg4 Bh7 20. Nd5 Ne7 21.
c3 Nxd5 22. Bxd5 Qf6 23. Rcd1 Qe7 24. g3 Rf6 25. a5 Rbf8 26. Qb4 e4 27. Qxb7
Qe5 28. Rde1 e3 29. f4 e2 30. Rf3 Qe8 31. Qxa6 Qa4 32. b3 Qa2 33. Rxe2 Qb1+ 34.
Kg2 Bf5 35. h3 Qc1 36. Qc4 h5 37. Rfe3 h4 38. Re1 Qb2+ 39. R3e2 Qa3 40. b4 Qa4
41. Bc6 Bd3 42. Bxa4 Bxc4 43. Re8 Bd5+ 44. Kf2 hxg3+ 45. Kxg3 Rg6+ 46. Kh4 Rh6+
47. Kg5 Kg8 48. Bd7 Rxe8 49. Rxe8+ Kf7 50. a6 Bf3 51. f5 1-0